الامامة و السياسة

محفوظ في:

المؤلف الرئيسي: عبد الله بن مسلم.

التنسيق: كتاب

اللغة: Undetermined

منشور في: Cairo : Matbaa Alfatuh Aladabia, 1902.

الوسوم: إضافة وسم

لا توجد وسوم, كن أول من يضع وسما على هذه التسجيلة!

رقم الطلب: DS38.2 I252

LEADER 00371nam a2200121Ia 4500
008 240329s9999||||xx |||||||||||||| ||und||
050 4 |a DS38.2 I252 
100 1 |a عبد الله بن مسلم. 
245 1 0 |a الامامة و السياسة  |c عبد الله بن مسلم 
264 1 |a Cairo :  |b Matbaa Alfatuh Aladabia,  |c 1902. 
300 |a 184  |c 21 CM 
942 |2 lcc  |c BK 
999 |c 57672  |d 57672